[Event "Capablanca Memorial Premier II 34th"]
[Site "Havana"]
[Date "1999.05.20"]
[Round "12"]
[White "Lesiege, Alexandre"]
[Black "Gomez Fontal, Felix Manuel"]
[Result "1-0"]
[WhiteElo "2521"]
[BlackElo "2463"]
[WhiteFideId "-1"]
[WhiteFideId "-1"]
[PlyCount "73"]
[GameId "1166641901449216"]
[EventDate "1999.05.??"]
[EventType "tourn"]
[EventRounds "13"]
[EventCountry "CUB"]
[EventCategory "8"]
[SourceTitle "CBM 070 Extra"]
[Source "ChessBase"]
[SourceDate "1999.07.10"]
[SourceVersion "1"]
[SourceVersionDate "1999.07.10"]
[SourceQuality "1"]

1. d4 Nf6 2. c4 c5 3. Nf3 cxd4 4. Nxd4 e5 5. Nb5 d5 6. cxd5 Bc5 7. N5c3 O-O 8. e3 e4 9. Nd2 Qe7 10. a3 a5 11. b3 Bf5 12. Bb2 Rd8 13. Nc4 Nbd7 14. d6 Qf8 15. Nb5 Nb6 16. Bxf6 gxf6 17. Qh5 Bxd6 18. Ncxd6 Bg6 19. Qc5 Nd7 20. Qc3 Ne5 21. Nc4 Rac8 22. Qxa5 Nc6 23. Qc3 Qc5 24. a4 Nb4 25. Nd4 Ra8 26. Be2 b5 27. axb5 Rxa1+ 28. Qxa1 Rxd4 29. exd4 Nc2+ 30. Kf1 Nxd4 31. b6 Nxb3 32. Qd1 Qb4 33. h4 Bf5 34. h5 h6 35. Kg1 Be6 36. Rh4 f5 37. Rh3 1-0

[Event "Gonfreville Master"]
[Site "Gonfreville"]
[Date "1999.04.15"]
[Round "10"]
[White "Nikcevic, Nebojsa"]
[Black "Lesiege, Alexandre"]
[Result "1/2-1/2"]
[WhiteElo "2472"]
[BlackElo "2521"]
[WhiteFideId "-1"]
[WhiteFideId "-1"]
[PlyCount "98"]
[GameId "1166641860591616"]
[EventDate "1999.04.??"]
[EventType "swiss"]
[EventRounds "13"]
[EventCountry "FRA"]
[EventCategory "8"]
[SourceTitle "CBM 070 Extra"]
[Source "ChessBase"]
[SourceDate "1999.07.10"]
[SourceVersion "1"]
[SourceVersionDate "1999.07.10"]
[SourceQuality "1"]

1. Nf3 c5 2. c4 Nf6 3. Nc3 Nc6 4. d4 cxd4 5. Nxd4 e6 6. g3 Qb6 7. Nb3 Ne5 8. e4 Bb4 9. Qe2 d6 10. Bd2 O-O 11. O-O-O a5 12. f4 a4 13. fxe5 axb3 14. a3 Bxc3 15. Bxc3 dxe5 16. Bxe5 Rd8 17. Bg2 Nd7 18. Bc3 e5 19. Rd5 Qc7 20. Qd1 Qxc4 21. Bf1 Qxe4 22. Bb5 b6 23. Re1 Qg6 24. Rexe5 h6 25. Rd6 Nxe5 26. Rxd8+ Kh7 27. Bxe5 Bg4 28. Bd3 f5 29. Rxa8 Bxd1 30. Ra7 Qc6+ 31. Kxd1 Qd5 32. Rxg7+ Kh8 33. Re7+ Kg8 34. Kd2 Kf8 35. Bf6 Qd6 36. Bh4 Qd4 37. Re2 Qxb2+ 38. Ke3 Qc3 39. Rd2 b2 40. Ke2 Qxd3+ 41. Rxd3 b1=Q 42. Rf3 Kf7 43. Kf2 Kg6 44. Kg2 Qd1 45. Rf1 b5 46. Kh3 Qd6 47. Rf3 Qd4 48. Rf1 Qe3 49. a4 bxa4 1/2-1/2

[Event "Gonfreville Master"]
[Site "Gonfreville"]
[Date "1999.04.16"]
[Round "11"]
[White "Lesiege, Alexandre"]
[Black "Pecot, Laurent"]
[Result "1-0"]
[WhiteElo "2521"]
[BlackElo "2225"]
[WhiteFideId "-1"]
[WhiteFideId "-1"]
[PlyCount "50"]
[GameId "1165542803369984"]
[EventDate "1999.04.??"]
[EventType "swiss"]
[EventRounds "13"]
[EventCountry "FRA"]
[EventCategory "8"]
[SourceTitle "CBM 070 Extra"]
[Source "ChessBase"]
[SourceDate "1999.07.10"]
[SourceVersion "1"]
[SourceVersionDate "1999.07.10"]
[SourceQuality "1"]

1. d4 d5 2. c4 e6 3. Nc3 c5 4. e3 Nf6 5. Nf3 a6 6. cxd5 exd5 7. Be2 Nc6 8. O-O Be6 9. dxc5 Bxc5 10. b3 O-O 11. Bb2 Ba7 12. Qc2 Qa5 13. Rad1 Bb8 14. g3 Bh3 15. Rfe1 Ne7 16. e4 Qc5 17. Ng5 Be6 18. b4 Qc8 19. Bd3 Bg4 20. f3 h6 21. e5 Nd7 22. Nxd5 Nxd5 23. Bh7+ Kh8 24. Nxf7+ Rxf7 25. Qxc8+ Rf8 1-0

[Event "Mauricie op"]
[Site "Trois-Rivieres CAN"]
[Date "1999.03.19"]
[Round "1"]
[White "Lesiege, Alexandre"]
[Black "Auger, Bertrand"]
[Result "1-0"]
[WhiteElo "2606"]
[BlackElo "2081"]
[WhiteFideId "-1"]
[WhiteFideId "-1"]
[PlyCount "77"]
[GameId "2160767911805351"]
[EventDate "1999.03.19"]
[EventType "swiss"]
[EventRounds "5"]
[EventCountry "CAN"]

1. d4 e6 2. c4 Nf6 3. Nc3 Bb4 4. Qc2 O-O 5. a3 Bxc3+ 6. Qxc3 d6 7. Bg5 Nbd7 8. e3 b6 9. Bd3 Bb7 10. Nf3 Re8 11. O-O e5 12. dxe5 dxe5 13. Bf5 e4 14. Rfd1 exf3 15. Bxd7 Qxd7 16. Rxd7 Nxd7 17. gxf3 Bxf3 18. Bf4 Re4 19. h3 f6 20. Qd3 Re7 21. Bxc7 Nc5 22. Qf5 Be4 23. Qf4 Rc8 24. Bd6 Nd3 25. Qg4 f5 26. Qe2 Re6 27. Bg3 f4 28. exf4 Rce8 29. Kh2 Bf5 30. Qf3 Be4 31. Qe3 Nc5 32. Rg1 Bc6 33. Qd2 Nb3 34. Qd1 Nc5 35. f5 Re2 36. f6 Ne4 37. Qxe2 Nxg3 38. Qxe8+ Bxe8 39. Rxg3 1-0

[Event "Mauricie op"]
[Site "Trois-Rivieres CAN"]
[Date "1999.03.21"]
[Round "4"]
[White "Hua, Lefong"]
[Black "Lesiege, Alexandre"]
[Result "0-1"]
[WhiteElo "2271"]
[BlackElo "2606"]
[WhiteFideId "-1"]
[WhiteFideId "-1"]
[PlyCount "86"]
[GameId "2160767911805366"]
[EventDate "1999.03.19"]
[EventType "swiss"]
[EventRounds "5"]
[EventCountry "CAN"]

1. c4 c5 2. Nc3 Nc6 3. Nf3 Nf6 4. g3 e6 5. Bg2 d5 6. cxd5 exd5 7. d4 c4 8. Ne5 Bb4 9. Qa4 Qa5 10. Qxa5 Bxa5 11. Nxc6 bxc6 12. Bd2 O-O 13. Na4 Bxd2+ 14. Kxd2 Rb8 15. Kc3 Re8 16. e3 a5 17. b3 Ng4 18. bxc4 Nxf2 19. Rhe1 Rb4 20. Nb2 Ba6 21. Re2 Ng4 22. h3 Bxc4 23. Nxc4 Rxc4+ 24. Kd3 Nf6 25. Rb2 h5 26. Rb7 Ra4 27. a3 Re6 28. Bf3 Ne4 29. Bxe4 Rxe4 30. Ra7 Re6 31. g4 hxg4 32. hxg4 Rg6 33. Ra8+ Kh7 34. Ra7 Rf6 35. g5 Rf2 36. Ra6 Rc4 37. e4 Rf3+ 38. Ke2 dxe4 39. Rh1+ Kg6 40. d5 Rxa3 41. dxc6 Kxg5 42. Rg1+ Kf4 43. Rf1+ Rf3 0-1

[Event "Mauricie op"]
[Site "Trois-Rivieres CAN"]
[Date "1999.03.21"]
[Round "4"]
[White "Lesiege, Alexandre"]
[Black "Goldenberg, Danny"]
[Result "1/2-1/2"]
[WhiteElo "2606"]
[BlackElo "2284"]
[WhiteFideId "-1"]
[WhiteFideId "-1"]
[PlyCount "139"]
[GameId "2160767911805367"]
[EventDate "1999.03.19"]
[EventType "swiss"]
[EventRounds "5"]
[EventCountry "CAN"]

1. c4 g6 2. d4 Bg7 3. Nf3 d6 4. g3 Nf6 5. Bg2 O-O 6. O-O Nc6 7. Nc3 a6 8. d5 Na5 9. Nd2 c5 10. Qc2 Rb8 11. b3 b5 12. Bb2 Bd7 13. Rab1 Qc7 14. Nd1 bxc4 15. bxc4 Rb4 16. Bc3 Rxb1 17. Qxb1 Ng4 18. Bxg7 Kxg7 19. h3 Nf6 20. Qc2 Rb8 21. Nb2 Rb4 22. Nd3 Rb7 23. e4 Ne8 24. f4 e6 25. Re1 Qd8 26. Qc3+ Kg8 27. e5 exd5 28. Bxd5 Bc6 29. Nb3 Nxb3 30. Bxc6 Rb6 31. Bd5 Nd4 32. exd6 Nxd6 33. Nxc5 N4f5 34. g4 Ng7 35. Qe3 Rb2 36. Nd3 Rxa2 37. c5 Ndf5 38. Qe5 Rd2 39. Rb1 Rxd3 40. Rb8 Rd1+ 41. Kh2 Rxd5 42. Rxd8+ Rxd8 43. gxf5 Nxf5 44. c6 Ng7 45. Qc7 Rd2+ 46. Kh1 Ne6 47. Qb8+ Kg7 48. c7 Nxc7 49. Qxc7 Rd5 50. Qc3+ Kg8 51. Qc8+ Kg7 52. Qxa6 Rf5 53. Qa1+ Kg8 54. Qb2 Rh5 55. Kg2 Rf5 56. Kg3 Rh5 57. Qd4 Rf5 58. Qd8+ Kg7 59. Qd4+ Kg8 60. Kg4 Rh5 61. Qb2 Rf5 62. Qb8+ Kg7 63. Qb2+ Kg8 64. Qb3 Rh5 65. Qc3 Rb5 66. Kf3 Rf5 67. Ke3 Rb5 68. Ke4 Rh5 69. Qc6 Kg7 70. Qc3+ 1/2-1/2

[Event "Mauricie op"]
[Site "Trois-Rivieres CAN"]
[Date "1999.03.21"]
[Round "5"]
[White "Charbonneau, Pascal"]
[Black "Lesiege, Alexandre"]
[Result "1/2-1/2"]
[WhiteElo "2340"]
[BlackElo "2606"]
[WhiteFideId "-1"]
[WhiteFideId "-1"]
[PlyCount "45"]
[GameId "2160767911805371"]
[EventDate "1999.03.19"]
[EventType "swiss"]
[EventRounds "5"]
[EventCountry "CAN"]

1. e4 g6 2. d4 Bg7 3. Nc3 c6 4. Bc4 d6 5. Nge2 b5 6. Bb3 b4 7. Na4 Nf6 8. f3 a5 9. O-O Ba6 10. Be3 O-O 11. c4 Nbd7 12. Qd2 Re8 13. Rac1 e5 14. dxe5 Nxe5 15. Rfd1 d5 16. cxd5 cxd5 17. exd5 Nd3 18. Rc2 Qe7 19. Bd4 Rad8 20. Nb6 Nh5 21. Bc4 Nhf4 22. Nxf4 Bxd4+ 23. Kf1 1/2-1/2

[Event "Carnaval Quebec"]
[Site "St-Augustin CAN"]
[Date "1999.03.05"]
[Round "1"]
[White "Lesiege, Alexandre"]
[Black "Belanger, Jacques"]
[Result "1-0"]
[WhiteElo "2606"]
[BlackElo "2025"]
[WhiteFideId "-1"]
[WhiteFideId "-1"]
[PlyCount "49"]
[GameId "2160767911805424"]
[EventDate "1999.03.05"]
[EventType "swiss"]
[EventRounds "5"]
[EventCountry "CAN"]
[SourceTitle "FQE 08"]

1. d4 Nf6 2. c4 g6 3. Nc3 Bg7 4. e4 d6 5. Nf3 O-O 6. h3 e5 7. d5 a5 8. Be3 Na6 9. Nd2 Nh5 10. g3 Nf6 11. g4 Nc5 12. Be2 Ne8 13. h4 f5 14. g5 f4 15. Bxc5 dxc5 16. Bg4 Nd6 17. Qf3 a4 18. O-O-O a3 19. b3 Nf5 20. Qh3 Nd4 21. h5 c6 22. hxg6 hxg6 23. Qh7+ Kf7 24. Rh6 Bxg4 25. Qxg6+ 1-0

[Event "Carnaval Quebec"]
[Site "St-Augustin CAN"]
[Date "1999.03.06"]
[Round "3"]
[White "Lesiege, Alexandre"]
[Black "Khassanov, Marat"]
[Result "1-0"]
[WhiteElo "2606"]
[BlackElo "2436"]
[WhiteFideId "-1"]
[WhiteFideId "-1"]
[PlyCount "77"]
[GameId "2160767911805432"]
[EventDate "1999.03.05"]
[EventType "swiss"]
[EventRounds "5"]
[EventCountry "CAN"]

1. d4 d5 2. c4 e6 3. Nc3 Nf6 4. Bg5 Be7 5. cxd5 exd5 6. e3 O-O 7. Bd3 c6 8. Qc2 Nbd7 9. Nge2 Re8 10. O-O Nf8 11. f3 Nh5 12. Bxe7 Rxe7 13. e4 dxe4 14. fxe4 Bg4 15. Rad1 Qd6 16. Qc1 Rd8 17. Qg5 f5 18. e5 Qd7 19. Rxf5 Bxf5 20. Bxf5 Qe8 21. Bg4 g6 22. Bxh5 Ne6 23. Qg3 c5 24. d5 Ng7 25. Bg4 h5 26. Bh3 Rxe5 27. Be6+ Rxe6 28. dxe6 Rxd1+ 29. Nxd1 Qxe6 30. Ndc3 Kh7 31. h3 b5 32. Qf4 c4 33. Ne4 Qb6+ 34. Kh2 Nf5 35. N2g3 Qe3 36. Ng5+ Kg8 37. Qb8+ Kg7 38. Qc7+ Kf6 39. N3e4+ 1-0

[Event "Carnaval Quebec"]
[Site "St-Augustin CAN"]
[Date "1999.03.07"]
[Round "4"]
[White "Schleifer, Michael"]
[Black "Lesiege, Alexandre"]
[Result "1/2-1/2"]
[WhiteElo "2417"]
[BlackElo "2606"]
[WhiteFideId "-1"]
[WhiteFideId "-1"]
[PlyCount "76"]
[GameId "2160767911805436"]
[EventDate "1999.03.05"]
[EventType "swiss"]
[EventRounds "5"]
[EventCountry "CAN"]
[SourceTitle "FQE 08"]

1. Nf3 Nf6 2. d4 e6 3. c4 Bb4+ 4. Nbd2 b6 5. a3 Bxd2+ 6. Bxd2 Bb7 7. Bg5 d6 8. e3 Nbd7 9. Be2 h6 10. Bxf6 Nxf6 11. b4 O-O 12. O-O Qe7 13. a4 a5 14. b5 Ne4 15. Rc1 e5 16. Nd2 Nxd2 17. Qxd2 Qg5 18. d5 Rae8 19. f3 Bc8 20. Bd3 f5 21. Rce1 Qf6 22. Kh1 Re7 23. Bb1 Bd7 24. Rd1 Bc8 25. Qc3 g5 26. Rd2 f4 27. Be4 Rg7 28. g3 Bh3 29. Rfd1 fxe3 30. Qxe3 Bf5 31. Rf2 Rgf7 32. Rdd2 Bxe4 33. Qxe4 Qf5 34. Qxf5 Rxf5 35. Kg2 Kg7 36. Rde2 h5 37. Re4 g4 38. f4 Kg6 1/2-1/2

[Event "Carnaval Quebec"]
[Site "St-Augustin CAN"]
[Date "1999.03.07"]
[Round "5"]
[White "Lesiege, Alexandre"]
[Black "Goldenberg, Danny"]
[Result "1-0"]
[WhiteElo "2606"]
[BlackElo "2284"]
[WhiteFideId "-1"]
[WhiteFideId "-1"]
[PlyCount "43"]
[GameId "2160767911805440"]
[EventDate "1999.03.05"]
[EventType "swiss"]
[EventRounds "5"]
[EventCountry "CAN"]

1. c4 g6 2. Nc3 Bg7 3. g3 e5 4. Bg2 f5 5. e3 Nf6 6. Nge2 O-O 7. O-O d6 8. d3 c6 9. b4 Be6 10. b5 Rf7 11. Rb1 d5 12. d4 dxc4 13. dxe5 Rd7 14. Nd4 Nd5 15. Nxe6 Nxc3 16. Nxd8 Rxd1 17. Rxd1 Nxd1 18. Bd2 Nd7 19. Nxb7 c3 20. Rxd1 cxd2 21. bxc6 Nb6 22. f4 1-0

[Event "Cappelle op 15th"]
[Site "Cappelle la Grande"]
[Date "1999.02.16"]
[Round "4"]
[White "Poluljahov, Aleksandr"]
[Black "Lesiege, Alexandre"]
[Result "1/2-1/2"]
[WhiteElo "2566"]
[BlackElo "2521"]
[WhiteFideId "-1"]
[WhiteFideId "-1"]
[PlyCount "35"]
[GameId "1166641816649728"]
[EventDate "1999.02.13"]
[EventType "swiss"]
[EventRounds "9"]
[EventCountry "FRA"]
[SourceTitle "EXT 2000"]
[Source "ChessBase"]
[SourceDate "1999.11.18"]
[SourceVersion "1"]
[SourceVersionDate "1999.11.18"]
[SourceQuality "1"]

1. d4 d5 2. c4 dxc4 3. e3 Nf6 4. Bxc4 e6 5. Nf3 c5 6. O-O a6 7. Bb3 Nc6 8. Nc3 Be7 9. dxc5 Bxc5 10. Qe2 Qc7 11. Bd2 Bd7 12. Rac1 Bd6 13. h3 h6 14. e4 O-O 15. Na4 Rad8 16. Be3 Qb8 17. Nc5 Ne5 18. Nxe5 1/2-1/2

[Event "Cappelle op 15th"]
[Site "Cappelle la Grande"]
[Date "1999.??.??"]
[Round "9"]
[White "Lesiege, Alexandre"]
[Black "Fontaine, Robert"]
[Result "1-0"]
[WhiteElo "2521"]
[BlackElo "2369"]
[WhiteFideId "-1"]
[WhiteFideId "-1"]
[PlyCount "133"]
[GameId "1166641817366528"]
[EventDate "1999.02.13"]
[EventType "swiss"]
[EventRounds "9"]
[EventCountry "FRA"]
[SourceTitle "EXT 2000"]
[Source "ChessBase"]
[SourceDate "1999.11.18"]
[SourceVersion "1"]
[SourceVersionDate "1999.11.18"]
[SourceQuality "1"]

1. d4 Nf6 2. c4 e6 3. Nc3 Bb4 4. e3 O-O 5. Bd3 d5 6. Nf3 c5 7. O-O Nc6 8. a3 Bxc3 9. bxc3 Qc7 10. Qc2 dxc4 11. Bxc4 e5 12. Bd3 Bg4 13. Nxe5 Nxe5 14. dxe5 Qxe5 15. Re1 Rad8 16. f3 Be6 17. Bf1 c4 18. e4 Nd5 19. Bxc4 Qxc3 20. Qxc3 Nxc3 21. Bf1 a6 22. Bf4 Rc8 23. Rec1 Rc6 24. a4 Rfc8 25. a5 h6 26. Rc2 Nb5 27. Rxc6 Rxc6 28. Rd1 Rc2 29. Rd8+ Kh7 30. Bd3 Rc8 31. e5+ g6 32. Rxc8 Bxc8 33. Be3 Bd7 34. Bb6 Bc6 35. Kf2 Kg7 36. Ke3 Kf8 37. Bc4 Nc3 38. Kd4 Nb5+ 39. Kd3 h5 40. h4 Ke8 41. Ke3 Nc3 42. Kd4 Nb5+ 43. Kd3 Na3 44. Bb3 Nb5 45. Ba2 Ke7 46. Bc5+ Ke8 47. e6 f6 48. Bb4 g5 49. hxg5 fxg5 50. Ke3 g4 51. fxg4 hxg4 52. g3 Bf3 53. Bb1 Nc7 54. Bg6+ Kd8 55. e7+ Kd7 56. Kd4 Ne8 57. Ke5 Bc6 58. Bf5+ Kc7 59. Bc5 Bd7 60. Bb6+ Kc8 61. Be6 Ng7 62. Bxd7+ Kxd7 63. Kf6 Ne8+ 64. Kf7 Nd6+ 65. Kf8 Ne8 66. Bd4 Nc7 67. Kf7 1-0

[Event "Cappelle op"]
[Site "Cappelle la Grande FRA"]
[Date "1999.??.??"]
[Round "1"]
[White "Lesiege, Alexandre"]
[Black "Ziguera, Isa"]
[Result "1-0"]
[WhiteElo "2521"]
[BlackElo "2430"]
[WhiteFideId "-1"]
[WhiteFideId "-1"]
[PlyCount "133"]
[GameId "2129405163058392"]
[EventDate "1999.02.??"]
[EventType "swiss"]
[EventRounds "8"]
[EventCountry "FRA"]

1. d4 Nf6 2. c4 g6 3. Nc3 d5 4. cxd5 Nxd5 5. e4 Nxc3 6. bxc3 Bg7 7. Be3 b6 8. Nf3 Qd7 9. h4 h6 10. e5 Nc6 11. Bb5 a6 12. e6 fxe6 13. Bd3 Bb7 14. Bxg6+ Kd8 15. Be4 Kc8 16. Rh3 Na5 17. Qd3 Bxe4 18. Qxe4 Qc6 19. Qxc6 Nxc6 20. Rg3 Bf6 21. Rg6 e5 22. O-O-O exd4 23. cxd4 h5 24. Bg5 Bxg5+ 25. Rxg5 Kb7 26. d5 Na7 27. Re1 Rh7 28. Rge5 Re8 29. Ng5 Rg7 30. g3 Nc8 31. Ne6 Rh7 32. Nf4 Reh8 33. Re6 a5 34. Kc2 Rf8 35. R1e2 Rf5 36. R6e5 Rhf7 37. Rxf5 Rxf5 38. Re6 b5 39. Kd3 Nb6 40. Kd4 Rf7 41. Rh6 b4 42. Rxh5 Na4 43. Kc4 Nc3 44. a3 Ne4 45. axb4 axb4 46. Nh3 Nxf2 47. Nxf2 Rxf2 48. Kxb4 Kc8 49. Rg5 Kd7 50. Kc3 e5 51. dxe6+ Kxe6 52. Kd3 Kf6 53. Ke3 Rc2 54. Kf3 Rc4 55. Kg2 c5 56. Kh3 Kf7 57. h5 Rc1 58. Kh4 c4 59. Rf5+ Ke8 60. Rc5 c3 61. Kg5 c2 62. g4 Kf7 63. Rc7+ Ke6 64. h6 Kd6 65. Rc3 Ke6 66. h7 Rh1 67. Kg6 1-0

[Event "Cappelle op"]
[Site "Cappelle la Grande FRA"]
[Date "1999.??.??"]
[Round "2"]
[White "Payen, Arnaud"]
[Black "Lesiege, Alexandre"]
[Result "0-1"]
[WhiteElo "2415"]
[BlackElo "2521"]
[WhiteFideId "-1"]
[WhiteFideId "-1"]
[PlyCount "74"]
[GameId "2129405163058423"]
[EventDate "1999.02.??"]
[EventType "swiss"]
[EventRounds "8"]
[EventCountry "FRA"]

1. e4 c5 2. d3 Nc6 3. g3 g6 4. Bg2 Bg7 5. f4 d6 6. Nf3 e5 7. O-O Nge7 8. c3 O-O 9. Na3 exf4 10. Bxf4 d5 11. exd5 Nxd5 12. Bg5 f6 13. Bc1 Be6 14. Nc2 Bf7 15. a3 Qd7 16. c4 Nc7 17. Be3 Ne6 18. Qd2 f5 19. Rab1 a5 20. b3 Rfe8 21. Rfd1 Ra6 22. Qf2 Ncd4 23. Ncxd4 cxd4 24. Bc1 h5 25. b4 axb4 26. axb4 Nd8 27. Re1 Rxe1+ 28. Qxe1 b5 29. c5 Nc6 30. h4 Bd5 31. Bf4 Ra3 32. Qd2 Ra2 33. Rb2 Rxb2 34. Qxb2 Qe6 35. Kf2 Qe3+ 36. Kf1 Qxd3+ 37. Kf2 Qe3+ 0-1

[Event "Cappelle op"]
[Site "Cappelle la Grande FRA"]
[Date "1999.??.??"]
[Round "5"]
[White "Lesiege, Alexandre"]
[Black "Volkov, Sergey"]
[Result "1-0"]
[WhiteElo "2521"]
[BlackElo "2587"]
[WhiteFideId "-1"]
[WhiteFideId "-1"]
[PlyCount "93"]
[GameId "2129405163058522"]
[EventDate "1999.02.??"]
[EventType "swiss"]
[EventRounds "8"]
[EventCountry "FRA"]

1. c4 c6 2. e4 e6 3. Nc3 d5 4. d4 dxe4 5. Nxe4 Bb4+ 6. Bd2 Qxd4 7. Bxb4 Qxe4+ 8. Be2 Ne7 9. Qd2 Ng6 10. Nh3 Nd7 11. O-O-O c5 12. Bxc5 Qxg2 13. Ng5 f6 14. Nxe6 Nxc5 15. Nc7+ Kf7 16. Nxa8 Qc6 17. Qd5+ Be6 18. Qxc6 bxc6 19. Nc7 Bf5 20. b4 Nf4 21. bxc5 Nxe2+ 22. Kd2 Nf4 23. Kc3 Ne2+ 24. Kb2 Nf4 25. Rd6 Nd3+ 26. Ka3 a5 27. Rd1 Ne5 28. Rd8 Nxc4+ 29. Kb3 Rxd8 30. Rxd8 Ne5 31. Ra8 Nd3 32. Rxa5 g5 33. a4 g4 34. Ra7 Nxc5+ 35. Kc4 Ne4 36. a5 Nxf2 37. a6 Kg6 38. Ra8 Bd3+ 39. Kd4 Bxa6 40. Rxa6 Nh3 41. Rxc6 Ng5 42. Nd5 Nf3+ 43. Ke3 Kg5 44. Nxf6 h5 45. Ne4+ Kh4 46. Rc5 Nxh2 47. Kf2 1-0

[Event "Cappelle op"]
[Site "Cappelle la Grande FRA"]
[Date "1999.??.??"]
[Round "7"]
[White "Lesiege, Alexandre"]
[Black "Graf (Nenashev), Alexander"]
[Result "0-1"]
[WhiteElo "2521"]
[BlackElo "2516"]
[WhiteFideId "-1"]
[WhiteFideId "-1"]
[PlyCount "116"]
[GameId "2129405163058594"]
[EventDate "1999.02.??"]
[EventType "swiss"]
[EventRounds "8"]
[EventCountry "FRA"]

1. d4 Nf6 2. c4 e6 3. Nc3 d5 4. Bg5 Be7 5. e3 O-O 6. Nf3 Nbd7 7. Rc1 c6 8. Bd3 a6 9. c5 Re8 10. Bf4 Bxc5 11. dxc5 e5 12. Bg5 e4 13. Be2 exf3 14. gxf3 h6 15. Bh4 Nxc5 16. Nxd5 Qxd5 17. Qxd5 Nxd5 18. Rxc5 g5 19. Rg1 Kf8 20. Bg3 Bh3 21. e4 Nf6 22. Bd6+ Kg8 23. Rc3 Rad8 24. Bc5 Nh5 25. Be3 Kh8 26. f4 Rxe4 27. fxg5 Ng7 28. gxh6 Nf5 29. Bg5 Rde8 30. Rxh3 Rxe2+ 31. Kd1 Kh7 32. Rf3 R2e5 33. Rd3 Rg8 34. f4 Rd5 35. Rxd5 Ne3+ 36. Kd2 Nxd5 37. Rg3 Re8 38. f5 Re5 39. f6 Rf5 40. Kd3 Nxf6 41. Be3 Rd5+ 42. Kc2 Rd7 43. a4 Ne8 44. Bd2 f5 45. Rf3 Rf7 46. h4 Nc7 47. a5 Ne6 48. Kd3 Rd7+ 49. Kc3 f4 50. Rxf4 Nxf4 51. Bxf4 c5 52. Be3 Re7 53. Bxc5 Re5 54. b4 Kxh6 55. Kd4 Rf5 56. Be7 Kg6 57. Bg5 Kf7 58. Kc4 Ke6 0-1

[Event "Cappelle op"]
[Site "Cappelle la Grande FRA"]
[Date "1999.??.??"]
[Round "8"]
[White "Florian, Jenni"]
[Black "Lesiege, Alexandre"]
[Result "1/2-1/2"]
[WhiteElo "2394"]
[BlackElo "2521"]
[WhiteFideId "-1"]
[WhiteFideId "-1"]
[PlyCount "139"]
[GameId "2129405163058616"]
[EventDate "1999.02.??"]
[EventType "swiss"]
[EventRounds "8"]
[EventCountry "FRA"]

1. e4 c5 2. c3 Nf6 3. e5 Nd5 4. d4 cxd4 5. Nf3 e6 6. cxd4 d6 7. Bc4 Nc6 8. O-O Be7 9. Qe2 O-O 10. Qe4 Kh8 11. a3 f5 12. exf6 Nxf6 13. Qe2 e5 14. d5 Nb8 15. Ng5 h6 16. Ne4 Nxe4 17. Qxe4 Bf5 18. Qe2 Nd7 19. Nc3 Rc8 20. Be3 e4 21. Bf4 Bh7 22. Bg3 Nc5 23. Ba2 Re8 24. Rad1 Bf8 25. Nb5 Qb6 26. Nd4 Nd3 27. Ne6 Qxb2 28. Qxb2 Nxb2 29. Rb1 Nd3 30. Nxf8 Rxf8 31. Bxd6 Rfd8 32. Be7 Rd7 33. d6 Bg8 34. Bxg8 Kxg8 35. Rb3 b6 36. f3 Nc5 37. Rc3 exf3 38. Rfxf3 Re8 39. Rf4 Kh7 40. h4 Nb7 41. Rc7 Rxc7 42. dxc7 Rc8 43. Rc4 Kg8 44. Rc6 Na5 45. Rc3 Nb7 46. h5 Kf7 47. Bh4 Nc5 48. Rf3+ Ke6 49. Re3+ Kd5 50. Bg3 b5 51. Re1 a5 52. Rd1+ Kc6 53. Be5 b4 54. axb4 axb4 55. Rd8 Kb7 56. Rd4 b3 57. Rb4+ Kc6 58. Rb8 Kd7 59. Kf2 Ne6 60. Rxb3 Nxc7 61. Bxg7 Ne6 62. Bf6 Rc2+ 63. Kg3 Rc5 64. Rd3+ Ke8 65. Kg4 Kf7 66. Bc3 Rc4+ 67. Kg3 Nc5 68. Bd4 Rc1 69. Rf3+ Ke6 70. Be3 1/2-1/2

[Event "Montreal sim"]
[Site "Montreal CAN"]
[Date "1999.??.??"]
[Round "?"]
[White "Lesiege, Alexandre"]
[Black "Charbonneau, Pascal"]
[Result "1/2-1/2"]
[WhiteElo "2521"]
[BlackElo "2299"]
[WhiteFideId "-1"]
[WhiteFideId "-1"]
[PlyCount "143"]
[GameId "2160767911805708"]
[EventDate "1999.01.31"]
[EventType "simul"]
[EventRounds "1"]
[EventCountry "CAN"]
[SourceTitle "EXT 2002"]
[Source "ChessBase"]
[SourceDate "2001.11.25"]
[SourceVersion "1"]
[SourceVersionDate "2001.11.25"]
[SourceQuality "1"]

1. d4 d5 2. Nf3 Nf6 3. c4 dxc4 4. Nc3 a6 5. e4 b5 6. e5 Nd5 7. a4 Nxc3 8. bxc3 Qd5 9. g3 Bb7 10. Bg2 Qd7 11. Ba3 g6 12. O-O Bg7 13. Re1 O-O 14. e6 fxe6 15. Ne5 Qc8 16. Bh3 Bd5 17. Ng4 Nc6 18. Ne3 Bf3 19. Qc2 Kh8 20. Bc5 Rb8 21. Ng2 b4 22. Bxe6 Qd8 23. d5 b3 24. Qd2 Bxg2 25. Kxg2 Ne5 26. Re4 c6 27. Bd4 Nf3 28. Bxg7+ Kxg7 29. Qe3 Qb6 30. Qe2 Rf6 31. Rxc4 b2 32. Rb1 a5 33. dxc6 Rbf8 34. Rxb2 Rxe6 35. Rxb6 Rxe2 36. Rf4 Rxf4 37. gxf4 Nh4+ 38. Kh3 Rxf2 39. c7 Rf3+ 40. Kxh4 Rxf4+ 41. Kg3 Rc4 42. Ra6 Rxc7 43. Rxa5 Rxc3+ 44. Kf2 Ra3 45. Ra6 h5 46. a5 Kf7 47. Ra8 Kf6 48. a6 Kg5 49. Re8 Ra2+ 50. Kg1 Kf6 51. Ra8 Ke5 52. a7 Ke4 53. Rg8 Rxa7 54. Rxg6 e5 55. Kf2 Ra2+ 56. Kg3 h4+ 57. Kxh4 Rxh2+ 58. Kg3 Ra2 59. Re6 Kd4 60. Kf3 Ra3+ 61. Ke2 Ke4 62. Rb6 Ra2+ 63. Ke1 Ke3 64. Rb3+ Kf4 65. Rc3 e4 66. Rb3 Ke5 67. Rh3 Kd4 68. Rg3 Rc2 69. Ra3 Rb2 70. Rh3 Ra2 71. Rg3 Ra1+ 72. Ke2 1/2-1/2

[Event "Montreal sim"]
[Site "Montreal CAN"]
[Date "1999.??.??"]
[Round "?"]
[White "Lesiege, Alexandre"]
[Black "Gravel, Simon M"]
[Result "1-0"]
[WhiteElo "2521"]
[BlackElo "2285"]
[WhiteFideId "-1"]
[WhiteFideId "-1"]
[PlyCount "47"]
[GameId "2160767911805709"]
[EventDate "1999.01.31"]
[EventType "simul"]
[EventRounds "1"]
[EventCountry "CAN"]
[SourceTitle "EXT 2002"]
[Source "ChessBase"]
[SourceDate "2001.11.25"]
[SourceVersion "1"]
[SourceVersionDate "2001.11.25"]
[SourceQuality "1"]

1. d4 Nf6 2. c4 e6 3. Nc3 Bb4 4. g3 O-O 5. Bg2 d5 6. Nf3 c5 7. O-O Bxc3 8. bxc3 Nc6 9. Ba3 Ne4 10. cxd5 Nxc3 11. Qc2 Nxd5 12. Bxc5 Re8 13. e4 Ndb4 14. Qc3 Na6 15. Ba3 Nc7 16. Bb2 Nb5 17. Qe3 b6 18. Rfd1 Nd6 19. d5 Nc4 20. dxc6 Nxe3 21. Rxd8 Rxd8 22. fxe3 f6 23. e5 fxe5 24. c7 1-0

[Event "Montreal sim"]
[Site "Montreal CAN"]
[Date "1999.??.??"]
[Round "?"]
[White "Lesiege, Alexandre"]
[Black "Hua, Lefong"]
[Result "1/2-1/2"]
[WhiteElo "2521"]
[BlackElo "2248"]
[WhiteFideId "-1"]
[WhiteFideId "-1"]
[PlyCount "45"]
[GameId "2160767911805710"]
[EventDate "1999.01.31"]
[EventType "simul"]
[EventRounds "1"]
[EventCountry "CAN"]
[SourceTitle "EXT 2002"]
[Source "ChessBase"]
[SourceDate "2001.11.25"]
[SourceVersion "1"]
[SourceVersionDate "2001.11.25"]
[SourceQuality "1"]

1. c4 c5 2. Nf3 e6 3. d4 d5 4. e3 Nf6 5. Nc3 Nc6 6. a3 Be7 7. dxc5 Bxc5 8. b4 Bd6 9. Bb2 O-O 10. cxd5 exd5 11. Be2 Be6 12. O-O Rc8 13. Qd3 Re8 14. Rad1 Bb8 15. Qb1 h6 16. Qa1 Qe7 17. Nb5 a5 18. bxa5 Nxa5 19. Bxf6 Qxf6 20. Qxf6 gxf6 21. Nfd4 Nc4 22. Rc1 Be5 23. Rfd1 1/2-1/2